Robert's Rules of order: (Record no. 16529)

000 -LEADER
fixed length control field 00645nam a2200181 a 4500
001 - CONTROL NUMBER
control field :::00019499$&:&@@
003 - CONTROL NUMBER IDENTIFIER
control field OkBaRHE
005 - DATE AND TIME OF LATEST TRANSACTION
control field 20010425115116.0
008 - FIXED-LENGTH DATA ELEMENTS--GENERAL INFORMATION
fixed length control field s1987 j 000 0 eng u
040 ## - CATALOGING SOURCE
Transcribing agency
100 1# - MAIN ENTRY--PERSONAL NAME
Personal name Robert, Henry Martyn, 1837-1923.
245 10 - TITLE STATEMENT
Title Robert's Rules of order:
Remainder of title the classic manual of parliamentary procedure.
Statement of responsibility, etc Introduction by Judith A. Roberts.
260 ## - PUBLICATION, DISTRIBUTION, ETC. (IMPRINT)
Place of publication, distribution, etc Old Tappan, NJ., :
Name of publisher, distributor, etc Fleming H. Revell Co.
Date of publication, distribution, etc 1987
300 ## - PHYSICAL DESCRIPTION
Extent 204 p. ;
Dimensions 18 cm.
650 ## - SUBJECT ADDED ENTRY--TOPICAL TERM
Topical term or geographic name as entry element Parliamentary Practice
942 ## - ADDED ENTRY ELEMENTS (KOHA)
Source of classification or shelving scheme
Koha item type Books
Copies
Not for loan Source of classification or shelving scheme Date acquired Shelving location Date last seen Withdrawn status Barcode Full call number Price effective from Damaged status Permanent Location Lost status Copy number Koha item type
  2010-04-14General Stacks2010-04-14 19499JF 515 .R652010-04-14 RHEMA Bible Training College 1Books